Catálogo razonado de los libros de los siglos XV, XVI y XVII de la Academia Nacional de la Historia / (Record no. 104313)

MARC details
000 -LEADER
campo de control de longitud fija 00841nam a2200217 i 4500
001 - NÚMERO DE CONTROL
campo de control 104313
003 - IDENTIFICADOR DE NÚMERO DE CONTROL
campo de control ES-MaACL
005 - FECHA Y HORA DE LA ÚLTIMA TRANSACCIÓN
campo de control 20230906183552.0
007 - CAMPO FIJO DE DESCRIPCIÓN FÍSICA--INFORMACIÓN GENERAL
campo de control de longitud fija t|
008 - DATOS DE LONGITUD FIJA--INFORMACIÓN GENERAL
campo de control de longitud fija 051128s1969 ve ||||1| spa d
100 1# - ENTRADA PRINCIPAL--NOMBRE DE PERSONA
Nombre de persona Millares Carlo, Agustín,
Fechas asociadas al nombre 1893-1980
9 (RLIN) 81176
245 10 - MENCIÓN DEL TÍTULO
Título Catálogo razonado de los libros de los siglos XV, XVI y XVII de la Academia Nacional de la Historia /
Mención de responsabilidad, etc. Agustín Millares Carlo; prólogo de Mario Briceño Perozo.
260 ## - PUBLICACIÓN, DISTRIBUCIÓN, ETC.
Lugar de publicación, distribución, etc. Caracas :
Nombre del editor, distribuidor, etc. Academia Nacional de la Historia,
Fecha de publicación, distribución, etc. 1969.
300 ## - DESCRIPCIÓN FÍSICA
Extensión XIV, 181 p., lám. I-XXXIII ;
Dimensiones 24 cm.
700 1# - ENTRADA AGREGADA--NOMBRE PERSONAL
Nombre de persona Briceño Perozo, Mario.
9 (RLIN) 31685
710 2# - ENTRADA AGREGADA--NOMBRE DE ENTIDAD CORPORATIVA
Nombre de entidad corporativa o nombre de jurisdicción como elemento de entrada Academia Nacional de la Historia (Venezuela)
9 (RLIN) 1213
852 ## - LOCALIZACIÓN
Ubicación ES-MaACL
Número de control de estantería C-35513
Sublocalización o colección R.72328
852 ## - LOCALIZACIÓN
Ubicación ES-MaACL
Número de control de estantería E-6261
Sublocalización o colección R.90504
852 ## - LOCALIZACIÓN
Ubicación ES-MaACL
Número de control de estantería C-51984
Sublocalización o colección R.85666
Holdings
Estatus retirado Estado de pérdida Estado de daño No para préstamo Biblioteca de origen Biblioteca actual Ubicación en estantería Fecha de adquisición Fuente de adquisición Total de préstamos Signatura topográfica completa Código de barras Visto por última vez Precio de reemplazo Tipo de ítem Koha
        Biblioteca del Ateneo de Madrid Biblioteca del Ateneo de Madrid Depósito 2 17/01/2008     C-51984 1108912 23/02/2023 23/02/2023 Libro impreso
        Biblioteca del Ateneo de Madrid Biblioteca del Ateneo de Madrid Depósito 2 17/01/2008     C-35513 1108910 23/02/2023 23/02/2023 Libro impreso
        Biblioteca del Ateneo de Madrid Biblioteca del Ateneo de Madrid Depósito 2 17/01/2008     E-6261 1108911 23/02/2023 23/02/2023 Libro impreso